A cigányság oktatásával (cigányiskola) kapcsolatos nyomtatványok, újságkivágatok, vegyes kéziratos feljegyzések

Elmentve itt :
Bibliográfiai részletek
Szerző: Eötvös Károly Lajos
Dokumentumtípus: Kézirat
Kulcsszavak:cigányok oktatása, cigányiskola, újságkivágatok
Online Access:http://misc.bibl.u-szeged.hu/46696
LEADER 00676ntm a2200157 i 4500
001 misc46696
005 20200422101833.0
008 200422suuuu hu o 0|| hun d
040 |a SZTE Miscellanea Repozitórium  |b hun 
041 |a hun 
100 1 |a Eötvös Károly Lajos 
245 1 2 |a A cigányság oktatásával (cigányiskola) kapcsolatos nyomtatványok, újságkivágatok, vegyes kéziratos feljegyzések  |h [elektronikus dokumentum] /  |c  Eötvös Károly Lajos 
300 |a 15 
561 |a Herrmann Antal hagyaték 
695 |a cigányok oktatása, cigányiskola, újságkivágatok 
856 4 0 |u http://misc.bibl.u-szeged.hu/46696/1/hermann_antal_boritek_003_001_03.pdf  |z Dokumentum-elérés